000 00352nam a2200145 i 4500
001 bg
100 1 _aDAŃKO, Bolesław
245 0 _aNie zdążyli do Andersa (berlingowcy) /
_cB. Dańko.
260 _aLondyn,
_c1992.
040 _cBPK
041 _apol
080 _a943.8.02:355:921A/Z
942 _cKS
008 s pl f |000 0 pol
999 _c29697
_d29697
856 _uhttp://koha.tu.koszalin.pl/cgi-bin/koha/opac-detail.pl?biblionumber=29697
_yKatalog online BPK